| 000 | 00561nam a2200169Ia 4500 | ||
|---|---|---|---|
| 008 | 230718s9999 xx 000 0 und d | ||
| 020 | _a9788184046724 | ||
| 041 | _aeng | ||
| 082 |
_a005.678 _bSIE |
||
| 100 |
_aSiemer A. _9192549 |
||
| 245 |
_aASP.NET 3.5 Social Networking _bAn Expert Guide To Building Enterprise-Ready Social Networking And Communicty Applications With ASP.NET 3.5 |
||
| 260 |
_c2010 _bPackt Pub/SPD |
||
| 300 | _a556 | ||
| 365 |
_cRs. _b550.00 |
||
| 700 |
_aSiemer A. _9192549 |
||
| 906 |
_dO:0210727-Sep-2011B:880504-Aug-2011 _cCOMP _b137.5 |
||
| 999 |
_c328730 _d328730 |
||